| 000 | 00763nam a2200301 i 4500 | ||
|---|---|---|---|
| 001 | bgj | ||
| 100 | 1 |
_aDickens, Charles _d(1812-1870) |
|
| 245 | 1 | 0 |
_aGreat Expectations / _cCharles Dickens. |
| 260 |
_aHarlow : _bPearson Education Limited, _c1999. |
||
| 300 |
_aVII, 115 pp ; _c20 cm. |
||
| 490 | 1 | _aPenguin Readers | |
| 650 | 9 | _aMan-woman relationship | |
| 650 | 9 | _aEx-convicts | |
| 650 | 9 | _aBenefactors | |
| 650 | 9 | _aYoung men | |
| 650 | 9 | _aRevenge | |
| 650 | 9 | _aOrphans | |
| 650 | 9 | _aBildungsromans | |
| 651 | 9 | _aEngland | |
| 655 | _aFiction | ||
| 830 | _aPenguin Readers | ||
| 020 | _a0582342325 (pbk) | ||
| 040 | _cBPK | ||
| 041 | 0 | _aeng | |
| 920 | _a0-582-34232-5 (pbk) | ||
| 942 | _cKS | ||
| 008 | s uk f |000 0 eng | ||
| 999 |
_c48306 _d48306 |
||
| 856 |
_uhttp://koha.tu.koszalin.pl/cgi-bin/koha/opac-detail.pl?biblionumber=48306 _yKatalog online BPK |
||